000 00925nam a22002537a 4500
005 20170123164159.0
010 _aB-082612
020 _c23.00
035 _aB-082612
037 _bCen Lib/Ret
040 _aDPL
_bPN
082 _a954
_bਤਿ੍ਲੋਚ
100 _aਤਿ੍ਲੋਚਨ ਸਿੰਘ
_9135447
245 _aਭਾਰਤ ਦੇ ਪ੍ਰਸਿੱਧ ਭਵਨ /
_cਤਿ੍ਰਲੋਚਨ ਸਿੰਘ
246 _aBharat de parsidh bhawan : in punjabi /
_bby Tirlochan Singh
260 _aਪੰਜਾਬ
_bਭਾਸਾ ਵਿਭਾਗ
_c1999
270 _bਪੰਜਾਬ
_e1999
300 _a54p ;
_c24cm
650 _aਭੂਗੋਲ ਵਿਗਿਆਨ
_9135448
650 _aਭਾਰਤੀ ਭੂਗੋਲਿਕ ਅਧਿਐਨ
_9135449
650 _aGeography
_9135450
650 _aIndian Geographical Study
_9112053
942 _2ddc
_cPN
_h954
_mਤਿ੍ਰਲੋ
999 _c110901
_d110901